| 000 | 00357nam a2200145Ia 4500 | ||
|---|---|---|---|
| 008 | 221030s9999 xx 000 0 und d | ||
| 020 | _a8185749620 | ||
| 041 | _aEnglish | ||
| 100 | _aP. S. Gill | ||
| 245 | 0 |
_aEngineering Drawing _cby P. S. Gill |
|
| 260 |
_bS. K. Kataria & Sons _aNew Delhi _c2014 |
||
| 300 | _a678 | ||
| 650 | _aMechanical | ||
| 942 | _cBK | ||
| 999 |
_c15507 _d15507 |
||